Municipios de Gipuzkoa (con mapa) - Estadísticas

Estadísticas generales
  • Esta prueba ha sido intentada 312 veces
  • La puntuación promedio es 64 de 107
Respuestas en el mapa
Las respuestas están codificadas por una escala verde-roja en el mapa de la prueba según el % correcto abajo.
 
Estadísticas de respuestas
Respuesta % Correcto
Irun
96%
Donostia / San Sebastián
95%
Eibar
93%
Zarautz
93%
Deba
90%
Hondarribia
90%
Tolosa
90%
Hernani
89%
Pasaia
89%
Zumaia
89%
Getaria
88%
Elgoibar
87%
Azkoitia
86%
Azpeitia
86%
Orio
86%
Andoain
84%
Errenteria
84%
Mutriku
84%
Oiartzun
83%
Oñati
81%
Aia
80%
Arrasate / Mondragón
78%
Astigarraga
78%
Beasain
78%
Lasarte-Oria
78%
Lezo
77%
Zumarraga
77%
Bergara
76%
Usurbil
76%
Legazpi
75%
Ordizia
73%
Anoeta
66%
Aretxabaleta
65%
Idiazabal
63%
Zestoa
61%
Zizurkil
61%
Amezketa
60%
Eskoriatza
60%
Lazkao
60%
Urnieta
60%
Ataun
59%
Zegama
59%
Ibarra
58%
Soraluze-Placencia de las Armas
55%
Urretxu
55%
Aduna
54%
Berastegi
53%
Ikaztegieta
53%
Mendaro
53%
Ormaiztegi
53%
Segura
53%
Alegia
51%
Elgeta
51%
Errezil
48%
Orexa
48%
Aizarnazabal
46%
Itsasondo
46%
Abaltzisketa
45%
Asteasu
45%
Irura
45%
Altzo
43%
Legorreta
41%
Leintz-Gatzaga
41%
Zaldibia
40%
Antzuola
39%
Arama
39%
Zerain
39%
Mutiloa
37%
Gaztelu
36%
Ezkio-Itsaso
35%
Alkiza
34%
Larraul
34%
Berrobi
33%
Elduain
33%
Olaberria
33%
Orendain
33%
Amasa-Villabona
31%
Gabiria
31%
Hernialde
31%
Bidania-Goiatz
30%
Albiztur
29%
Beizama
29%
Altzaga
28%
Gaintza
28%
Belauntza
27%
Lizartza
27%
Baliarrain
23%
Leaburu-Txarama
16%
No se encontraron pruebas coincidentes
Distribución de puntuación
Porcentaje de gente con cada puntuación
Porcentaje por número respondido
Historial de tus puntuaciones
No has intentado esta prueba.